| 000 | 00546nam a22001817a 4500 | ||
|---|---|---|---|
| 005 | 20231016104520.0 | ||
| 008 | 231004b |||||||| |||| 00| 0 eng d | ||
| 020 | _a0446972134 | ||
| 082 |
_a617.1027 _bDOM-C |
||
| 100 | _aDominguez,Richard H. | ||
| 245 |
_aThe Complete Book of Sports Medicine : _bAn orthopedist tells how to Prevent, Evaluate,and Treat Common Injuries. |
||
| 260 |
_aUSA _bWarner Books _c1980 |
||
| 300 | _a182 | ||
| 500 | _aInclude Index | ||
| 650 | _aPhysiothgerapy | ||
| 700 | _aRichard H.Dominguez | ||
| 942 |
_iBook _6BOOK |
||
| 999 |
_c33769 _d33769 |
||